|
|
|
|
| LEADER |
00000nam a2200000Ia 4500 |
| 008 |
161011b1993 mx ||||| |||| 00| | spa d |
| 020 |
|
|
|a 9688423793
|
| 090 |
|
|
|a 05.02.01
|b 197
|
| 100 |
1 |
|
|a Arizpe, Lourdes
|9 2073
|
| 245 |
1 |
0 |
|a Cultura y cambio global: percepciones sociales sobre la desforestación en la selva Lacandona /
|c Lourdes Arizpe, Fernanda Paz, Margarita Velázquez
|
| 260 |
|
|
|a México :
|b CRIM,
|c 1993
|
| 300 |
|
|
|a 230 páginas
|
| 650 |
1 |
4 |
|a CULTURA
|9 378
|
| 650 |
1 |
4 |
|a CAMBIO SOCIAL
|9 470
|
| 650 |
1 |
4 |
|a DEFORESTACIÓN
|9 2074
|
| 650 |
1 |
4 |
|a ASPECTOS SOCIALES
|9 576
|
| 700 |
1 |
|
|a Paz, Fernanda
|9 2075
|
| 700 |
1 |
|
|a Velázquez, Margarita
|9 2076
|
| 942 |
|
|
|i 00230
|h 05.02.01 197
|2 z
|c 01
|
| 999 |
|
|
|c 420
|d 420
|